Statistiques concernant Sondage - Qui préférez vous ?

Cliquez ici pour prendre le quiz!

Statistiques générales

  • Ce quiz a été pris 50 fois
  • Le résultat moyen est 5 sur 9

Statistiques - réponses

RéponsesVotre réponse% Correct
E- AragornE- Aragorn
70%
G- LegolasG- Legolas
63%
I- GandalfI- Gandalf
56%
H- GimliH- Gimli
53%
A- Frodo SacquetA- Frodo Sacquet
47%
B- Samsagace GamegieB- Samsagace Gamegie
44%
C- Meriadoc BrandeboucC- Meriadoc Brandebouc
42%
F- BoromirF- Boromir
42%
D- Peregrin TouqueD- Peregrin Touque
40%

Distribution des résultats

Percentile par nombre de réponses

% des personnes avec chaque résultat

Votre développement - résultats

Vous n’avez pas pris ce quiz